Normal view
MARC view
Entry Topical Term
001 - CONTROL NUMBER
- control field: 13560
003 - CONTROL NUMBER IDENTIFIER
- control field: HDC
005 - DATE AND TIME OF LATEST TRANSACTION
- control field: 20230624073418.0
008 - FIXED-LENGTH DATA ELEMENTS
- fixed length control field: 210211|| aca||aabn | a|a d
040 ## - CATALOGING SOURCE
- Original cataloging agency: HDC
- Transcribing agency: HDC
150 ## - HEADING--TOPICAL TERM
- Topical term or geographic name entry element: Economic conditions
670 ## - SOURCE DATA FOUND
- Source citation: Work cat.: (HDC): KNOWLEDGE CONTENT IN KEY ECONOMIC SECTORS IN MALAYSIA PHASE II. FOREWORD, 2009
